01045nam a2200229 a 450000100100000000500170001000800410002702000150006804000250008308200150010810000390012324500910016226000510025330000280030450000700033250400270040204900090042995201280043895201130056695201190067999900170079800002641620200930030218.0110317s2004 dr a 000 0 spa d a9993499250 aDO-SdBNPbspacBNPHU axxxbM671p1 aMirabal, Yoselman R.,d1969-9177710aPresiones ministeriales :bla cruda realidad de ser un líder /cYoselman R. Mirabal. aSanto Domingo :bMirabal Produciones,c[s.f.]. a129 p. :bil. ;c22 cm. aIncluye datos biográficos del autor en la solapa de la cubierta aBibliografías p. 129 aBNPD 001054708DSaGRbGRcCTd2011-03-17iLF1l0oxxx M671pp26416-30r2020-06-25te. 3w2020-06-25yLFDSZPréstamo en sala 0010718PDaPDbPDcCTd2011-03-17iLF1l0oxxx M671pp26416-10r2020-06-25w2020-06-25yLFPDZNo se presta 0010718PDaPDbPDcCTd2011-03-17iLF1l0oxxx M671pp26416-20r2020-06-25te. 2w2020-06-25yLFPDZNo se presta c25908d25908